| 000 | 00487nam a2200169 a 4500 | ||
|---|---|---|---|
| 001 | 1650 | ||
| 005 | 20140414131846.0 | ||
| 008 | 001117s19uu xx 00 eng d | ||
| 020 | _a0-874844371 | ||
| 050 |
_aM 221.6 _bH88 1979 |
||
| 100 | _aHumphrey, W. Lee. | ||
| 245 |
_aCrisis and story : _bintroduction to the Old Testament / _cW. Lee Humphreys. |
||
| 260 |
_aPalo Alto, CA : _bMayfield, _c1979. |
||
| 300 | _a313 p. ; cm. | ||
| 650 | _aBible - O. T. - Textbooks. | ||
| 999 |
_c109939 _d109939 |
||